MARC details
| 000 -LEADER |
| fixed length control field |
02880cam a2200721 a 4500 |
| 001 - CONTROL NUMBER |
| control field |
ocn822972377 |
| 003 - CONTROL NUMBER IDENTIFIER |
| control field |
OCoLC |
| 005 - DATE AND TIME OF LATEST TRANSACTION |
| control field |
20200320192317.0 |
| 008 - FIXED-LENGTH DATA ELEMENTS--GENERAL INFORMATION |
| fixed length control field |
121219s2014 mnua b 000 1 eng c |
| 010 ## - LIBRARY OF CONGRESS CONTROL NUMBER |
| LC control number |
2012049370 |
| 016 7# - NATIONAL BIBLIOGRAPHIC AGENCY CONTROL NUMBER |
| Record control number |
016489887 |
| Source |
Uk |
| 020 ## - INTERNATIONAL STANDARD BOOK NUMBER |
| International Standard Book Number |
9781404875012 (library binding) |
| 020 ## - INTERNATIONAL STANDARD BOOK NUMBER |
| International Standard Book Number |
1404875018 (library binding) |
| 020 ## - INTERNATIONAL STANDARD BOOK NUMBER |
| International Standard Book Number |
9781479518647 (pbk.) |
| 020 ## - INTERNATIONAL STANDARD BOOK NUMBER |
| International Standard Book Number |
1479518646 (pbk.) |
| 029 1# - (OCLC) |
| OCLC library identifier |
NZ1 |
| System control number |
14953551 |
| 035 ## - SYSTEM CONTROL NUMBER |
| System control number |
(OCoLC)822972377 |
| 040 ## - CATALOGING SOURCE |
| Original cataloging agency |
NJQ/DLC |
| Language of cataloging |
eng |
| Transcribing agency |
ZQP |
| Modifying agency |
DLC |
| -- |
OCLCO |
| -- |
YDXCP |
| -- |
BTCTA |
| -- |
BDX |
| -- |
UKMGB |
| -- |
UPZ |
| -- |
OCLCF |
| -- |
WACOL |
| 042 ## - AUTHENTICATION CODE |
| Authentication code |
pcc |
| -- |
lcac |
| 049 ## - LOCAL HOLDINGS (OCLC) |
| Holding library |
WACL |
| 050 00 - LIBRARY OF CONGRESS CALL NUMBER |
| Classification number |
PZ7.G13543 |
| Item number |
Gre 2014 |
| 082 04 - DEWEY DECIMAL CLASSIFICATION NUMBER |
| Classification number |
[Fic] |
| Edition number |
23 |
| 082 04 - DEWEY DECIMAL CLASSIFICATION NUMBER |
| Classification number |
813.6 |
| Edition number |
23 |
| 092 ## - LOCALLY ASSIGNED DEWEY CALL NUMBER (OCLC) |
| Classification number |
junior fiction |
| Item number |
Gal |
| 100 1# - MAIN ENTRY--PERSONAL NAME |
| Personal name |
Gallagher, Diana G. |
| 9 (RLIN) |
62795 |
| 245 14 - TITLE STATEMENT |
| Title |
The great kitten challenge / |
| Statement of responsibility, etc |
by Diana G. Gallagher ; illustrated by Adriana Isabel Juárez Puglisi. |
| 260 ## - PUBLICATION, DISTRIBUTION, ETC. (IMPRINT) |
| Place of publication, distribution, etc |
North Mankato, Minn. : |
| Name of publisher, distributor, etc |
Picture Window Books, |
| Date of publication, distribution, etc |
2014. |
| 300 ## - PHYSICAL DESCRIPTION |
| Extent |
79 p. : |
| Other physical details |
col. ill. ; |
| Dimensions |
20 cm. |
| 490 1# - SERIES STATEMENT |
| Series statement |
Pet friends forever ; |
| Volume number/sequential designation |
[4] |
| 521 1# - TARGET AUDIENCE NOTE |
| Target audience note |
006-008. |
| 521 8# - TARGET AUDIENCE NOTE |
| Target audience note |
RL: 2.7. |
| 521 8# - TARGET AUDIENCE NOTE |
| Target audience note |
GRL: N. |
| 520 ## - SUMMARY, ETC. |
| Summary, etc |
When Kyle's dog Rex finds three tiny kittens, Kyle and Mia undertake the responsibility of caring for the babies, locating their mother, and finding homes for all four. |
| 521 ## - TARGET AUDIENCE NOTE |
| Target audience note |
junior fiction |
| Source |
applebooks |
| 650 #0 - SUBJECT ADDED ENTRY--TOPICAL TERM |
| Topical term or geographic name as entry element |
Kittens |
| Form subdivision |
Juvenile fiction. |
| 9 (RLIN) |
5684395 |
| 650 #0 - SUBJECT ADDED ENTRY--TOPICAL TERM |
| Topical term or geographic name as entry element |
Dogs |
| Form subdivision |
Juvenile fiction. |
| 9 (RLIN) |
5674840 |
| 650 #0 - SUBJECT ADDED ENTRY--TOPICAL TERM |
| Topical term or geographic name as entry element |
Animal rescue |
| Form subdivision |
Juvenile fiction. |
| 9 (RLIN) |
5703044 |
| 650 #0 - SUBJECT ADDED ENTRY--TOPICAL TERM |
| Topical term or geographic name as entry element |
Responsibility |
| Form subdivision |
Juvenile fiction. |
| 9 (RLIN) |
5692716 |
| 650 #0 - SUBJECT ADDED ENTRY--TOPICAL TERM |
| Topical term or geographic name as entry element |
Best friends |
| Form subdivision |
Juvenile fiction. |
| 9 (RLIN) |
5673646 |
| 650 #1 - SUBJECT ADDED ENTRY--TOPICAL TERM |
| Topical term or geographic name as entry element |
Cats |
| Form subdivision |
Fiction. |
| 9 (RLIN) |
5674208 |
| 650 #1 - SUBJECT ADDED ENTRY--TOPICAL TERM |
| Topical term or geographic name as entry element |
Animals |
| General subdivision |
Infancy |
| Form subdivision |
Fiction. |
| 9 (RLIN) |
5674959 |
| 650 #1 - SUBJECT ADDED ENTRY--TOPICAL TERM |
| Topical term or geographic name as entry element |
Dogs |
| Form subdivision |
Fiction. |
| 9 (RLIN) |
5674795 |
| 650 #1 - SUBJECT ADDED ENTRY--TOPICAL TERM |
| Topical term or geographic name as entry element |
Animal rescue |
| Form subdivision |
Fiction. |
| 9 (RLIN) |
5703047 |
| 650 #1 - SUBJECT ADDED ENTRY--TOPICAL TERM |
| Topical term or geographic name as entry element |
Responsibility |
| Form subdivision |
Fiction. |
| 9 (RLIN) |
5699274 |
| 650 #1 - SUBJECT ADDED ENTRY--TOPICAL TERM |
| Topical term or geographic name as entry element |
Best friends |
| Form subdivision |
Fiction. |
| 9 (RLIN) |
5675106 |
| 650 #1 - SUBJECT ADDED ENTRY--TOPICAL TERM |
| Topical term or geographic name as entry element |
Friendship |
| Form subdivision |
Fiction. |
| 9 (RLIN) |
5673769 |
| 650 #7 - SUBJECT ADDED ENTRY--TOPICAL TERM |
| Topical term or geographic name as entry element |
Animal rescue. |
| Source of heading or term |
fast |
| -- |
(OCoLC)fst00809362 |
| 9 (RLIN) |
5888141 |
| 650 #7 - SUBJECT ADDED ENTRY--TOPICAL TERM |
| Topical term or geographic name as entry element |
Best friends. |
| Source of heading or term |
fast |
| -- |
(OCoLC)fst00830870 |
| 9 (RLIN) |
5888142 |
| 650 #7 - SUBJECT ADDED ENTRY--TOPICAL TERM |
| Topical term or geographic name as entry element |
Dogs. |
| Source of heading or term |
fast |
| -- |
(OCoLC)fst00896265 |
| 9 (RLIN) |
5888143 |
| 650 #7 - SUBJECT ADDED ENTRY--TOPICAL TERM |
| Topical term or geographic name as entry element |
Kittens. |
| Source of heading or term |
fast |
| -- |
(OCoLC)fst00987960 |
| 9 (RLIN) |
5888144 |
| 650 #7 - SUBJECT ADDED ENTRY--TOPICAL TERM |
| Topical term or geographic name as entry element |
Responsibility. |
| Source of heading or term |
fast |
| -- |
(OCoLC)fst01095857 |
| 9 (RLIN) |
90666 |
| 655 #7 - INDEX TERM--GENRE/FORM |
| Genre/form data or focus term |
Fiction. |
| Source of term |
fast |
| -- |
(OCoLC)fst01423787 |
| 9 (RLIN) |
5673940 |
| 655 #7 - INDEX TERM--GENRE/FORM |
| Genre/form data or focus term |
Juvenile works. |
| Source of term |
fast |
| -- |
(OCoLC)fst01411637 |
| 9 (RLIN) |
5673941 |
| 700 1# - ADDED ENTRY--PERSONAL NAME |
| Personal name |
Juárez Puglisi, Adriana Isabel, |
| Relator term |
ill. |
| 9 (RLIN) |
5888145 |
| 800 1# - SERIES ADDED ENTRY--PERSONAL NAME |
| Personal name |
Gallagher, Diana G. |
| Title of a work |
Pet friends forever ; |
| Volume/sequential designation |
4. |
| 9 (RLIN) |
5888146 |
| 938 ## - |
| -- |
YBP Library Services |
| -- |
YANK |
| -- |
10390700 |
| 938 ## - |
| -- |
Baker and Taylor |
| -- |
BTCP |
| -- |
BK0013027628 |
| 938 ## - |
| -- |
Brodart |
| -- |
BROD |
| -- |
104658649 |
| 942 ## - ADDED ENTRY ELEMENTS (KOHA) |
| Koha item type |
BOOK |
| 948 ## - LOCAL PROCESSING INFORMATION (OCLC); SERIES PART DESIGNATOR (RLIN) |
| Series part designator, SPT (RLIN) |
04/21/2014 |
| z (OCLC) |
Sirsi |
| 994 ## - |
| -- |
02 |
| -- |
WACOL |
| 996 ## - |
| -- |
108838 |
| -- |
34301001181108 |
| -- |
J |
| -- |
bk |
| -- |
wcl |
| -- |
o |
| -- |
18 |
| -- |
15.95 |
| -- |
kids reference |
| -- |
Gal |
| -- |
05/12/2014 |
| -- |
09/04/2019 |
| -- |
01/31/2020 |